000 01405nam a2200313 c 4500
003 BLK
005 20230128115933.0
008 180408b bul|||||r ||||||| ||bul||
010 _aKNG00056437000
020 _a954-9415-11-2
_bиздат.: Водолей - на том(ч. 3)
040 _aBLK
041 _aBUL
_cBUL
080 _aБългарска литература
_b821.163.2
_x-311.6
_z821.163.2-311.6
100 1 _aХристозов, Петър
_eпърви автор
_9251078
700 1 _aВълчев, Христо Димитров
_e*
_9366782
139 _aХристозов, Петър
_bХ 82
245 1 0 _aЗавръщането при маймуните
_bРоман : Ч. 1 - За том: Полит. роман
_cПетър Христозов; * Христо Димитров Вълчев.
_nЧ. 3
_pСивият кардинал
257 _aBGR
260 София
_bСветовит
_c2004 -
_fЗа том: София : Викс 62
300 _c20 см
380 _aX
500 _aПетър Христозов - псевд. на Христо Вълчев. - Офс. изд.
760 1 _3- на том(ч. 3)
_aХристозов, Петър
_dСофия, Водолей, 2005
_h205 с.
_tЧ. 3 Сивият кардинал
852 _aЦб 218465
856 4 _qpdf
_u
856 4 _qpdf
_u
942 _cKNG
_n0
_06
944 _aCR
_c08.11.2005
_kВаля_Йорданова
944 _aED
_c11.01.2008
_k
999 _c52513
_d52513